Central Library OPAC University of Rajshahi
Normal view MARC view

Entry Geographic Name

Number of records used in: 2

001 - CONTROL NUMBER

  • control field: 2518

003 - CONTROL NUMBER IDENTIFIER

  • control field: BD-RjUL

005 - DATE AND TIME OF LATEST TRANSACTION

  • control field: 20220418105306.0

008 - FIXED-LENGTH DATA ELEMENTS

  • fixed length control field: 220418|| aca||aabn | a|a d

040 ## - CATALOGING SOURCE

  • Original cataloging agency: BD-RjUL
  • Transcribing agency: BD-RjUL

151 ## - HEADING--GEOGRAPHIC NAME

  • Geographic name: Italy
  • General subdivision: Description and travel

670 ## - SOURCE DATA FOUND

  • Source citation: Work cat.: (BD-RjUL)79711: Dickens, Charles, 1812-1870. 2265, American notes for general circulation :, [1874?]